MARC details
| 000 -LEADER |
| fixed length control field |
02664cam a2200457 i 4500 |
| 001 - CONTROL NUMBER |
| control field |
17184832 |
| 003 - CONTROL NUMBER IDENTIFIER |
| control field |
OSt |
| 005 - DATE AND TIME OF LATEST TRANSACTION |
| control field |
20231018094122.0 |
| 008 - FIXED-LENGTH DATA ELEMENTS--GENERAL INFORMATION |
| fixed length control field |
120227s2013 enka b 001 0 eng |
| 010 ## - LIBRARY OF CONGRESS CONTROL NUMBER |
| LC control number |
2012006486 |
| 020 ## - INTERNATIONAL STANDARD BOOK NUMBER |
| International Standard Book Number |
9780521845724 (hbk.) |
| 020 ## - INTERNATIONAL STANDARD BOOK NUMBER |
| International Standard Book Number |
9780521608268 (pbk.) |
| 040 ## - CATALOGING SOURCE |
| Original cataloging agency |
DLC |
| Language of cataloging |
eng |
| Transcribing agency |
DLC |
| Description conventions |
rda |
| Modifying agency |
DLC |
| 042 ## - AUTHENTICATION CODE |
| Authentication code |
pcc |
| 050 00 - LIBRARY OF CONGRESS CALL NUMBER |
| Classification number |
HG8054.5 |
| Item number |
.K858 2013 |
| 082 00 - DEWEY DECIMAL CLASSIFICATION NUMBER |
| Classification number |
368 |
| Edition number |
23 |
| 084 ## - OTHER CLASSIFICATION NUMBER |
| Classification number |
368 KUN 2013. |
| Number source |
bisacsh |
| 100 1# - MAIN ENTRY--PERSONAL NAME |
| Personal name |
Kunreuther, Howard. |
| 9 (RLIN) |
16785 |
| 245 10 - TITLE STATEMENT |
| Title |
Insurance and Behavioral Economics : |
| Remainder of title |
Improving Decisions in the Most Misunderstood Industry / |
| Statement of responsibility, etc. |
Howard C. Kunreuther, Mark V. Pauly, Stacey McMorrow. |
| 246 14 - VARYING FORM OF TITLE |
| Title proper/short title |
Insurance & behavioral economics |
| 260 ## - PUBLICATION, DISTRIBUTION, ETC. (IMPRINT) |
| Place of publication, distribution, etc. |
Cambridge : |
| Name of publisher, distributor, etc. |
Cambridge University Press, |
| Date of publication, distribution, etc. |
2013. |
| 300 ## - PHYSICAL DESCRIPTION |
| Extent |
xii, 329 pages : |
| Other physical details |
illustrations ; |
| Dimensions |
24 cm |
| 336 ## - CONTENT TYPE |
| Content type term |
text |
| Source |
rdacontent |
| 337 ## - MEDIA TYPE |
| Media type term |
unmediated |
| Source |
rdamedia |
| 338 ## - CARRIER TYPE |
| Carrier type term |
volume |
| Source |
rdacarrier |
| 504 ## - BIBLIOGRAPHY, ETC. NOTE |
| Bibliography, etc |
Includes bibliographical references (pages 295-307) and indexes. |
| 505 8# - FORMATTED CONTENTS NOTE |
| Formatted contents note |
Machine generated contents note: 1. Purposes of this book; 2. An introduction to insurance in practice and theory; 3. Anomalies and rumors of anomalies; 4. Behavior consistent with benchmark models; 5. Real world complications; 6. Why people do or do not demand insurance; 7. Demand anomalies; 8. Descriptive models of insurance supply; 9. Anomalies on the supply side; 10. Design principles for insurance; 11. Strategies for dealing with insurance-related anomalies; 12. Innovations in insurance markets through multi-year contracts; 13. Publicly-provided social insurance. |
| 520 ## - SUMMARY, ETC. |
| Summary, etc. |
"This book examines the behavior of individuals at risk, insurance industry decision makers and policy makers involved in the selling, buying, and regulating of insurance"-- |
| Assigning source |
Provided by publisher. |
| 650 #0 - SUBJECT ADDED ENTRY--TOPICAL TERM |
| Topical term or geographic name as entry element |
Risk (Insurance) |
| 9 (RLIN) |
16786 |
| 650 #0 - SUBJECT ADDED ENTRY--TOPICAL TERM |
| Topical term or geographic name as entry element |
Insurance |
| General subdivision |
Decision making. |
| 9 (RLIN) |
16787 |
| 650 #0 - SUBJECT ADDED ENTRY--TOPICAL TERM |
| Topical term or geographic name as entry element |
Consumer behavior. |
| 9 (RLIN) |
15418 |
| 650 #7 - SUBJECT ADDED ENTRY--TOPICAL TERM |
| Topical term or geographic name as entry element |
BUSINESS & ECONOMICS / Labor. |
| Source of heading or term |
bisacsh |
| 9 (RLIN) |
16788 |
| 700 1# - ADDED ENTRY--PERSONAL NAME |
| Personal name |
Pauly, Mark V., |
| Dates associated with a name |
1941- |
| 9 (RLIN) |
16789 |
| 700 1# - ADDED ENTRY--PERSONAL NAME |
| Personal name |
McMorrow, Stacey. |
| 9 (RLIN) |
16790 |
| 856 42 - ELECTRONIC LOCATION AND ACCESS |
| Materials specified |
Contributor biographical information |
| Uniform Resource Identifier |
http://www.loc.gov/catdir/enhancements/fy1210/2012006486-b.html |
| 856 42 - ELECTRONIC LOCATION AND ACCESS |
| Materials specified |
Publisher description |
| Uniform Resource Identifier |
http://www.loc.gov/catdir/enhancements/fy1210/2012006486-d.html |
| 856 41 - ELECTRONIC LOCATION AND ACCESS |
| Materials specified |
Table of contents only |
| Uniform Resource Identifier |
http://www.loc.gov/catdir/enhancements/fy1210/2012006486-t.html |
| 906 ## - LOCAL DATA ELEMENT F, LDF (RLIN) |
| a |
7 |
| b |
cbc |
| c |
orignew |
| d |
1 |
| e |
ecip |
| f |
20 |
| g |
y-gencatlg |
| 942 ## - ADDED ENTRY ELEMENTS (KOHA) |
| Source of classification or shelving scheme |
Dewey Decimal Classification |
| Koha item type |
Book Bank |